LEADER 01219nam a2200313 a 4500 001 000000140797 003 CaOOAMICUS 005 20141205090537.0 008 141205s1949 it b u000 u ita r 040 $aPUL$bita 041 1 $aita$hgrc 100 0 $aAristoteles,$d384-322 a.C.$0(OLS)http://pul/name/792 240 10$aMetaphysica.$lItaliano.$0(OLS)http://pul/title/178092 245 13$aLa metafisica /$cAristotele ; traduzione e commento a cura di Armando Carlini. 250 $a2. ed. riveduta. 260 $aBari :$bLaterza,$c1949. 300 $aCXVI, 495 p. ;$c20 cm 490 1 $aFilosofi antichi e medievali 700 1 $aCarlini, Armando,$d1878-1959.$0(OLS)http://pul/name/3657 830 0$aFilosofi antichi e medievali.$0(OLS)http://pul/title/8188 850 $aPUL 852 $aPUL$W1$xDP1 Fondo Capitani$y116$m2 A 76.2$j162551$qFondi$B162164$CPULBib$Z2$F162164 $HCap852 $82 900 $aAristotle,$d 384-322 a.C.$9792 900 $aAristotele,$d384-322 a.C.$9792 941 1 $a1 961 $aNota ms. di possesso: Capitani. 996 $6245$aLa metafisica$9(OLS)http://pul/title/5066 996 $6260$aBari :$bLaterza$9(OLS)http://pul/publisher/47895 LEADER 01547nam a2200301 a 4500 001 000000150116 003 CaOOAMICUS 005 20160307134958.0 008 160307s1915 it u000 u ita r 032 $aLibriCat 040 $aPUL$bita 041 1 $aita$aara$hara 110 1 $aItalia.$bMinistero delle colonie.$0(OLS)http://pul/name/45627 245 10$aNorme per la trascrizione italiana e la grafia araba dei nomi propri geografici della Tripolitania e della Cirenaica /$cdettate dal Prof. C. A. Nallino e approvate con decreto ministeriale 1° febbraio 1915. 260 $aRoma :$bTipografia nazionale di G. Bertero e C.,$c1915. 300 $a41 p. ;$c24 cm. 490 1 $aRapporti e monografie coloniali ;$v02 (1915) 500 $aIn testa al front.: Ministero delle Colonie. 650 4$aColonialismo$zItalia$xStoria.$0(OLS)http://pul/subject/32159 651 4$aLibia$xColonizzazione.$0(OLS)http://pul/subject/4763 700 1 $aNallino, Carlo Alfonso,$d1872-1938.$0(OLS)http://pul/name/11046 830 0$aRapporti e monografie coloniali ;$v02 (1915).$0(OLS)http://pul/title/189174 850 $aPUL 852 $aPUL$W1$xDP1 Cons. Gen., Altre Classi 1$y22$m645 D 29.11$j172727$qStampati$B174603$CPULBib$Z2$F174603 $81 941 1 $a8 996 $6245$aNorme per la trascrizione italiana e la grafia araba dei nomi propri geografici della Tripolitania e della Cirenaica$9(OLS)http://pul/title/189184 996 $6260$aRoma :$bTipografia nazionale di G. Bertero e C.$9(OLS)http://pul/publisher/84701